| 000 | 00469nam a2200157 a 4500 | ||
|---|---|---|---|
| 001 | 000030468 | ||
| 005 | 20200930062328.0 | ||
| 008 | 110518s1996 dr 000 | spa d | ||
| 040 |
_aDO-SdBNP _bspa _cBNPHU |
||
| 082 |
_axxx _bN714m |
||
| 100 | 1 |
_aNina Estrella, Rose Emily _957098 |
|
| 245 | 1 | 0 |
_aManual introducción a la psicopatología / _cRose Emily Nina Estrella. |
| 260 |
_aSanto Domingo : _bImpresos Alina, _c1996. |
||
| 300 |
_a193 p. ; _c21 cm. |
||
| 049 | _aBNPD | ||
| 999 |
_c29960 _d29960 |
||